<?xml version="1.0" encoding="UTF-8"?>
<record
    xmlns:xsi="http://www.w3.org/2001/XMLSchema-instance"
    xsi:schemaLocation="http://www.loc.gov/MARC21/slim http://www.loc.gov/standards/marcxml/schema/MARC21slim.xsd"
    xmlns="http://www.loc.gov/MARC21/slim">

  <leader>02032cas a2200457 a 4500</leader>
  <datafield tag="999" ind1=" " ind2=" ">
    <subfield code="c">22470</subfield>
    <subfield code="d">22470</subfield>
  </datafield>
  <controlfield tag="001">14087766</controlfield>
  <controlfield tag="003">AUA.1</controlfield>
  <controlfield tag="005">20190627124731.0</controlfield>
  <controlfield tag="007">t|</controlfield>
  <controlfield tag="008">050825c200u9999mdumr p       0   a0eng c</controlfield>
  <datafield tag="010" ind1=" " ind2=" ">
    <subfield code="a">  2005212853</subfield>
  </datafield>
  <datafield tag="022" ind1="0" ind2=" ">
    <subfield code="a">1557-5519</subfield>
    <subfield code="2">1</subfield>
  </datafield>
  <datafield tag="035" ind1=" " ind2=" ">
    <subfield code="a">(OCoLC)ocm61343047 </subfield>
  </datafield>
  <datafield tag="037" ind1=" " ind2=" ">
    <subfield code="b">General Conference of the Seventh-Day Adventists, 55 West Oak Ridge Dr., Hagerstown, MD 21740-7390</subfield>
  </datafield>
  <datafield tag="040" ind1=" " ind2=" ">
    <subfield code="a">NSDP</subfield>
    <subfield code="b">eng</subfield>
    <subfield code="c">NSDP</subfield>
    <subfield code="d">NSDP</subfield>
    <subfield code="d">DLC</subfield>
    <subfield code="d">NSDP</subfield>
    <subfield code="d">DLC</subfield>
    <subfield code="d">OCoLC</subfield>
  </datafield>
  <datafield tag="042" ind1=" " ind2=" ">
    <subfield code="a">pcc</subfield>
    <subfield code="a">nsdp</subfield>
  </datafield>
  <datafield tag="050" ind1="0" ind2="0">
    <subfield code="a">BX6101</subfield>
    <subfield code="b">.A498</subfield>
  </datafield>
  <datafield tag="082" ind1="1" ind2="0">
    <subfield code="a">286</subfield>
    <subfield code="2">13</subfield>
  </datafield>
  <datafield tag="130" ind1="0" ind2=" ">
    <subfield code="a">Adventist world (North American Division ed.)</subfield>
    <subfield code="9">33588</subfield>
  </datafield>
  <datafield tag="222" ind1=" " ind2="0">
    <subfield code="a">Adventist world</subfield>
    <subfield code="b">(NAD ed.)</subfield>
  </datafield>
  <datafield tag="245" ind1="1" ind2="0">
    <subfield code="a">Adventist World:</subfield>
  </datafield>
  <datafield tag="250" ind1=" " ind2=" ">
    <subfield code="a">North American Division ed.</subfield>
  </datafield>
  <datafield tag="260" ind1=" " ind2=" ">
    <subfield code="a">Hagerstown, MD :</subfield>
    <subfield code="b">General Conference of the Seventh-Day Adventists</subfield>
    <subfield code="c">April 2019</subfield>
  </datafield>
  <datafield tag="300" ind1=" " ind2=" ">
    <subfield code="a">31 p. :</subfield>
    <subfield code="b">ill. (some col.), col. maps ;</subfield>
    <subfield code="c">27 cm.</subfield>
  </datafield>
  <datafield tag="310" ind1=" " ind2=" ">
    <subfield code="a">Monthly</subfield>
  </datafield>
  <datafield tag="440" ind1=" " ind2=" ">
    <subfield code="9">33589</subfield>
    <subfield code="n">April 2019</subfield>
    <subfield code="v">Vol. 15, No. 4</subfield>
  </datafield>
  <datafield tag="500" ind1=" " ind2=" ">
    <subfield code="a">Issues for &lt;2006-&gt; called: NAD ed.</subfield>
  </datafield>
  <datafield tag="500" ind1=" " ind2=" ">
    <subfield code="a">Contents:
Adventists as Influencers;
Bible questions answered;
Global view;
Millennial Voices;
Spirit of Prophecy;
Looking Back;
Faith in Action;
Health and wellness
May I tell you a story?;
Growing faith - Children's Pages;
</subfield>
  </datafield>
  <datafield tag="525" ind1=" " ind2=" ">
    <subfield code="a">Issues for &lt;2006-&gt; include special supplement: Loma Linda report.</subfield>
  </datafield>
  <datafield tag="650" ind1=" " ind2="0">
    <subfield code="a">Seventh-Day Adventists</subfield>
    <subfield code="v">Periodicals.</subfield>
    <subfield code="y">monthly</subfield>
    <subfield code="9">33590</subfield>
  </datafield>
  <datafield tag="700" ind1=" " ind2=" ">
    <subfield code="a">Bill Knott</subfield>
    <subfield code="e">Editor-in-Chief</subfield>
    <subfield code="9">33591</subfield>
  </datafield>
  <datafield tag="710" ind1="2" ind2=" ">
    <subfield code="a">General Conference of Seventh-Day Adventists.</subfield>
    <subfield code="9">33592</subfield>
  </datafield>
  <datafield tag="740" ind1="0" ind2="2">
    <subfield code="a">Loma Linda report.</subfield>
  </datafield>
  <datafield tag="780" ind1="0" ind2="0">
    <subfield code="t">Adventist review (North American ed.)</subfield>
  </datafield>
  <datafield tag="906" ind1=" " ind2=" ">
    <subfield code="a">7</subfield>
    <subfield code="b">cbc</subfield>
    <subfield code="c">serials</subfield>
    <subfield code="d">2</subfield>
    <subfield code="e">ncip</subfield>
    <subfield code="f">20</subfield>
    <subfield code="g">n-oclcserc</subfield>
  </datafield>
  <datafield tag="942" ind1=" " ind2=" ">
    <subfield code="2">lcc</subfield>
    <subfield code="c">PER</subfield>
    <subfield code="h">BX 6101</subfield>
    <subfield code="i">.A498 2019</subfield>
  </datafield>
  <datafield tag="952" ind1=" " ind2=" ">
    <subfield code="0">0</subfield>
    <subfield code="1">0</subfield>
    <subfield code="2">lcc</subfield>
    <subfield code="4">0</subfield>
    <subfield code="7">0</subfield>
    <subfield code="8">EGWEBO</subfield>
    <subfield code="a">AUA.1</subfield>
    <subfield code="b">AUA.1</subfield>
    <subfield code="c">EGWEBO</subfield>
    <subfield code="d">2019-06-27</subfield>
    <subfield code="o">BX 6101 .A498 2019</subfield>
    <subfield code="r">2019-06-27 00:00:00</subfield>
    <subfield code="w">2019-06-27</subfield>
    <subfield code="y">PER</subfield>
    <subfield code="z">April 2019</subfield>
  </datafield>
</record>
